| 000 | 01385nam a2200349Ia 4500 | ||
|---|---|---|---|
| 001 | ebr10586814 | ||
| 003 | CaPaEBR | ||
| 006 | m u | ||
| 007 | cr cn||||||||| | ||
| 008 | 070620s2008 nyua sb 001 0 eng d | ||
| 010 | _z 2007025627 | ||
| 020 | _z9781588906205 (Americas : alk. paper) | ||
| 020 | _z9781588906380 | ||
| 020 | _z1588906205 (Americas : alk. paper) | ||
| 020 | _z9783131480415 (rest of world : alk. paper) | ||
| 020 | _z3131480416 (rest of world : alk. paper) | ||
| 040 |
_aCaPaEBR _cCaPaEBR |
||
| 035 | _a(OCoLC)828869870 | ||
| 050 | 1 | 4 |
_aRG493.5.R33 _bH42 2008eb |
| 082 | 0 | 4 |
_a618.1/907572 _222 |
| 100 | 1 | _aHashimoto, Beverly. | |
| 245 | 1 | 0 |
_aPractical digital mammography _h[electronic resource] / _cBeverly E. Hashimoto. |
| 260 |
_aNew York : _bThieme, _cc2008. |
||
| 300 |
_axii, 207 p. : _bill. |
||
| 504 | _aIncludes bibliographical references and index. | ||
| 533 |
_aElectronic reproduction. _bPalo Alto, Calif. : _cebrary, _d2011. _nAvailable via World Wide Web. _nAccess may be limited to ebrary affiliated libraries. |
||
| 650 | 0 |
_aBreast _xRadiography _vCase studies. |
|
| 650 | 0 |
_aBreast _xDiseases _xDiagnosis _vCase studies. |
|
| 655 | 7 |
_aElectronic books. _2local |
|
| 710 | 2 | _aebrary, Inc. | |
| 856 | 4 | 0 |
_uhttp://site.ebrary.com/lib/rucke/Doc?id=10586814 _zAn electronic book accessible through the World Wide Web; click to view |
| 999 |
_c211695 _d211695 |
||